Сонеты: переводы с итальянского

Podrobná bibliografie
Hlavní autor: Петрарка Ф. Франческо
Další autoři: Гончаров А. Д. Андрей Дмитриевич (иллюстратор)
Shrnutí:Авт. указан на пер.
На пер. загл. не указано
В суперобложке.
Jazyk:ruština
Vydáno: Москва, Художественная литература, 1981
Témata:
Médium: MixedMaterials Kniha
KOHA link:https://koha.lib.tpu.ru/cgi-bin/koha/opac-detail.pl?biblionumber=224304

MARC

LEADER 00000nam0a2200000 4500
001 224304
005 20231101230600.0
010 |b 5000 экз. 
035 |a (RuTPU)RU\TPU\book\244608 
090 |a 224304 
100 |a 20121024d1981 m y0rusy50 ca 
101 1 |a rus  |c ita 
102 |a RU 
105 |a a z 000gy 
200 1 |a Сонеты  |e переводы с итальянского  |f Ф. Петрарка  |g худож. А. Д. Гончаров 
210 |a Москва  |c Художественная литература  |d 1981 
215 |a 189 с.  |c ил.  |d 10 см. 
300 |a Авт. указан на пер. 
300 |a На пер. загл. не указано 
300 |a В суперобложке. 
610 1 |a итальянская литература 
610 1 |a 14 век 
610 1 |a сонеты 
610 1 |a миниатюрные издания 
686 |a Ч611.68  |v LBC/SL-A  |2 rubbk 
700 1 |a Петрарка  |b Ф.  |c итальянский поэт  |f 1304-1374  |g Франческо  |2 stltpush  |3 (RuTPU)RU\TPU\pers\366  |9 181 
702 1 |a Гончаров  |b А. Д.  |c российский график, живописец, сценограф  |c мастер книжной ксилографии  |c народный художник РСФСР (1979)  |c член-корреспондент АХ СССР (1973)  |f 1903-1979  |g Андрей Дмитриевич  |2 stltpush  |3 (RuTPU)RU\TPU\pers\15732  |4 440  |9 5481 
801 1 |a RU  |b 63413507  |c 20121024 
801 2 |a RU  |b 63413507  |c 20121024  |g RCR 
942 |c BK